Data modeling and database design : (Record no. 15368)
[ view plain ]
| 000 -LEADER | |
|---|---|
| fixed length control field | 00463nam a22001577a 4500 |
| 003 - CONTROL NUMBER IDENTIFIER | |
| control field | URS |
| 005 - DATE AND TIME OF LATEST TRANSACTION | |
| control field | 20220114172002.0 |
| 008 - FIXED-LENGTH DATA ELEMENTS--GENERAL INFORMATION | |
| fixed length control field | 190221b xxu||||| |||| 00| 0 eng d |
| 020 ## - INTERNATIONAL STANDARD BOOK NUMBER | |
| International Standard Book Number | 9781285085258 |
| 050 ## - LIBRARY OF CONGRESS CALL NUMBER | |
| Classification number | QA 76.9 |
| Item number | Um1 2015 |
| 100 1# - MAIN ENTRY--PERSONAL NAME | |
| Personal name | Narayan S. Umanath. |
| Dates associated with a name | 2015 |
| Relator term | author |
| 245 10 - TITLE STATEMENT | |
| Title | Data modeling and database design : |
| Statement of responsibility, etc. | Narayan S/ Umanath. |
| 250 ## - EDITION STATEMENT | |
| Edition statement | 2nd edition |
| 264 #1 - PRODUCTION, PUBLICATION, DISTRIBUTION, MANUFACTURE, AND COPYRIGHT NOTICE | |
| Place of production, publication, distribution, manufacture | United States of America : |
| Name of producer, publisher, distributor, manufacturer | Cengage Learning, |
| Date of production, publication, distribution, manufacture, or copyright notice | ©2015. |
| 942 ## - ADDED ENTRY ELEMENTS (KOHA) | |
| Source of classification or shelving scheme | Library of Congress Classification |
| Koha item type | Foreign Books |
| Withdrawn status | Source of classification or shelving scheme | Damaged status | Not for loan | Collection code | Home library | Current library | Shelving location | Date acquired | Total Checkouts | Full call number | Barcode | Date last seen | Price effective from | Koha item type |
|---|---|---|---|---|---|---|---|---|---|---|---|---|---|---|
| Library of Congress Classification | Non-fiction | Binangonan College Library | Binangonan College Library | Foreign Section | 06/07/2023 | QA 76.9 Um1 2015 | URSBIN-02511 | 02/21/2019 | 02/21/2019 | Foreign Books |